书目信息 |
| 题名: |
大气辐射学
|
|
| 作者: | 石广玉 编著 | |
| 分册: | ||
| 出版信息: | 北京 科学出版社 2007 |
|
| 页数: | 10,402页 | |
| 开本: | 27cm | |
| 丛书名: | 中国科学院研究生教学丛书 | |
| 单 册: | ||
| 中图分类: | P422 | |
| 科图分类: | ||
| 主题词: | 大气辐射--研究生--教材 | |
| 电子资源: | ||
| ISBN: | 978-7-03-018997-4 | |
| 000 | 01076oam2 2200277 450 | |
| 001 | 012004146790 | |
| 005 | 20221010152027.16 | |
| 009 | 012004146790 | |
| 010 | @a978-7-03-018997-4@b精装@dCNY89.00 | |
| 035 | @a(110019)012007023205 | |
| 100 | @a20070628d2007 em y0chiy0110 ea | |
| 101 | 0 | @achi |
| 102 | @aCN@b110000 | |
| 105 | @ay z 000yy | |
| 200 | 1 | @a大气辐射学@Ada qi fu she xue@f石广玉编著@Fshi guang yu bian zhu |
| 210 | @a北京@c科学出版社@d2007 | |
| 215 | @a10,402页@d27cm | |
| 225 | 2 | @a中国科学院研究生教学丛书@Azhong guo ke xue yuan yan jiu sheng jiao xue cong shu |
| 300 | @a中国科学院科学出版基金资助出版 | |
| 330 | @a本书全面、系统地描述了太阳辐射和热辐射在大气中传输的物理过程和基本规律以及地气系统的辐射收支等大气辐射学的基本内容,侧重于物理概念的阐述和基本计算方法的介绍;还详细介绍了大气辐射学的最新研究成果,特别是辐射气候学的最新进展。 | |
| 461 | 0 | @12001 @a中国科学院研究生教学丛书 |
| 606 | 0 | @a大气辐射@x研究生@j教材 |
| 690 | @aP422@v4 | |
| 701 | 0 | @a石广玉@Ashi guang yu@4编著 |
| 801 | 0 | @aCN@b110019@c20070805 |
| 905 | @dP422@e64@f1 | |
| 大气辐射学/石广玉编著.-北京:科学出版社,2007 |
| 10,402页;27cm.-(中国科学院研究生教学丛书) |
| 中国科学院科学出版基金资助出版 |
| ISBN 978-7-03-018997-4(精装):CNY89.00 |
| 本书全面、系统地描述了太阳辐射和热辐射在大气中传输的物理过程和基本规律以及地气系统的辐射收支等大气辐射学的基本内容,侧重于物理概念的阐述和基本计算方法的介绍;还详细介绍了大气辐射学的最新研究成果,特别是辐射气候学的最新进展。 |
| ● |
| 相关链接 |
|
|
|
|
正题名:大气辐射学
索取号:P422/64
 
预约/预借
| 序号 | 登录号 | 条形码 | 馆藏地/架位号 | 状态 | 备注 |
| 1 | 0851780 | 208517808 | 第二样本阅览室/ [索取号:P422/64] | 在馆 |